000 00710nam a2200277Ia 4500
001 Para_1914
003 CHAP
008 220125sc195 xx 000 0 und d
010 _a200521
040 _cCHAP
082 _aPA 632.951 O5
100 _aOng, E.R. de
_983311
245 _aChemistry and uses of pesticides /
_c by E.R. de Ong
250 _a2a.
260 _aNew York :
_b Chapman & Hall
300 _a33 p.
650 _aInsecticidas
_958855
650 _aPesticidas
_x investigación
_987560
901 _aPA 632.951 O5
902 _aA
905 _a000000c1956 a 0000000000 00
910 _ac195
942 _cPARA
942 _cPARA
_d1
999 _c200521
_d200521